Most Populous Countries in Order Quiz Stats

 Plays Quiz Updated Oct 11, 2018

Challenge
Share
Tweet
Embed
Score 0/25 Timer 05:00
27 Plays Today
Population Country % Correct
????
100%
????
98.6%
????
97.3%
????
82.3%
????
77.4%
????
66.9%
????
55.7%
????
50.3%
????
47.5%
????
44.9%
????
42.5%
????
35.5%
????
29.3%
Population Country % Correct
????
26.5%
????
23.7%
????
22.4%
????
19.7%
????
18.4%
????
15.8%
????
13.9%
????
13.4%
????
13.1%
????
12.1%
????
9.6%
????
8.4%

You're not logged in!

Compare scores with friends on all Sporcle quizzes.
OR
Log In

You Might Also Like...

Show Comments

Extras

Top Quizzes Today


Score Distribution

Your Account Isn't Verified!

In order to create a playlist on Sporcle, you need to verify the email address you used during registration. Go to your Sporcle Settings to finish the process.

Report this User

Report this user for behavior that violates our Community Guidelines.

Details: